Catálogo de los incunables de la Biblioteca Pública de Toledo (Record no. 13822)

MARC details
000 -LEADER
campo de control de longitud fija 00900nam a2200241 i 4500
001 - NÚMERO DE CONTROL
campo de control 13822
003 - IDENTIFICADOR DE NÚMERO DE CONTROL
campo de control ES-MaACL
005 - FECHA Y HORA DE LA ÚLTIMA TRANSACCIÓN
campo de control 20230906150654.0
007 - CAMPO FIJO DE DESCRIPCIÓN FÍSICA--INFORMACIÓN GENERAL
campo de control de longitud fija t|
008 - DATOS DE LONGITUD FIJA--INFORMACIÓN GENERAL
campo de control de longitud fija 980709s1976 sp f c |||| | spa d
020 ## - NÚMERO INTERNACIONAL ESTÁNDAR DEL LIBRO
Número Internacional Estándar del Libro 84-369-0099-5
080 ## - NÚMERO DE LA CLASIFICACIÓN DECIMAL UNIVERSAL
Número de la Clasificación Decimal Universal 093:016
080 ## - NÚMERO DE LA CLASIFICACIÓN DECIMAL UNIVERSAL
Número de la Clasificación Decimal Universal 017.1(460.285)BP
080 ## - NÚMERO DE LA CLASIFICACIÓN DECIMAL UNIVERSAL
Número de la Clasificación Decimal Universal 016:093
110 2# - ENTRADA PRINCIPAL--NOMBRE DE ENTIDAD CORPORATIVA
Nombre de entidad corporativa o nombre de jurisdicción como elemento de entrada Biblioteca Pública Provincial (Toledo)
9 (RLIN) 2208
245 10 - MENCIÓN DEL TÍTULO
Título Catálogo de los incunables de la Biblioteca Pública de Toledo
Resto del título : (colección Borbón-Lorenzana) /
Mención de responsabilidad, etc. por Julia Méndez Aparicio.
260 ## - PUBLICACIÓN, DISTRIBUCIÓN, ETC.
Lugar de publicación, distribución, etc. Madrid :
Nombre del editor, distribuidor, etc. Ministerio de Educación y Ciencia,
Fecha de publicación, distribución, etc. 1976.
300 ## - DESCRIPCIÓN FÍSICA
Extensión 242 p., LVII p. de lám. ;
Dimensiones 24 cm.
650 14 - PUNTO DE ACCESO ADICIONAL DE MATERIA--TÉRMINO DE MATERIA
Término de materia o nombre geográfico como elemento de entrada Incunables-
Subdivisión geográfica Biblioteca Pública Provincial (Toledo)-
Subdivisión de forma Catálogos.
9 (RLIN) 13655
650 14 - PUNTO DE ACCESO ADICIONAL DE MATERIA--TÉRMINO DE MATERIA
Término de materia o nombre geográfico como elemento de entrada Libros-
Subdivisión cronológica S.XVI-
Subdivisión geográfica Biblioteca Pública Provincial (Toledo)-
Subdivisión de forma Catálogos.
9 (RLIN) 14442
700 1# - ENTRADA AGREGADA--NOMBRE PERSONAL
Nombre de persona Méndez Aparicio, Julia.
9 (RLIN) 80139
852 ## - LOCALIZACIÓN
Ubicación ES-MaACL
Número de control de estantería L-21283
Holdings
Estatus retirado Estado de pérdida Estado de daño No para préstamo Biblioteca de origen Biblioteca actual Ubicación en estantería Fecha de adquisición Fuente de adquisición Total de préstamos Signatura topográfica completa Código de barras Visto por última vez Precio de reemplazo Tipo de ítem Koha
        Biblioteca del Ateneo de Madrid Biblioteca del Ateneo de Madrid Depósito 2 17/01/2008     L-21283 1014066 23/02/2023 23/02/2023 Libro impreso